000 00584nam a2200205 i 4500
001 90174
003 ES-MaACL
005 20230906180353.0
007 t|
008 050119s1965 mx ||||1| spa d
100 1 _aLeal Cortés, Alfredo.
_970973
245 1 0 _aDesde el río
_b: diario de Rafael Martínez /
_cAlfredo Leal Cortés.
250 _a[1ª ed.].
260 _a[México :
_bJoaquin Mortiz,
_c1965]
300 _a136 p. ;
_c18 cm.
490 1 _aSerie del volador
830 0 _aSerie del volador
_9181075
852 _aES-MaACL
_jE-10057
_bR.94151
999 _c90174
_d90174